000
00208 a2200097 4500
001
58511
100
_a
245
_a
LAw of evidence
260
_a
Lahore
_b
Legal research Center
_c
2004
090
_c
35884
_d
35884
942
_a
NUST-CAE
_c
_c
28762
999
_c
293584
_d
293584